| 000 | 00383nam a2200157Ia 4500 | ||
|---|---|---|---|
| 008 | 230917s9999||||xx |||||||||||||| ||und|| | ||
| 020 | _cRS70 | ||
| 040 |
_e7198 _aMAIN |
||
| 041 | _aEnglish | ||
| 082 | _a352.054 P886D | ||
| 100 | _aPrasad, Nageshwar | ||
| 245 | 0 | _aDecentralization in historical Perspective | |
| 260 |
_aAllahabad _bVohra _c1986 |
||
| 300 | _a88 p. | ||
| 942 | _cBK | ||
| 999 |
_c63107 _d63107 |
||